[Event "CZE-chT2A 1011"]
[Site "Czech Republic"]
[Date "2011.02.06"]
[Round "7"]
[White "Michal, Josef"]
[Black "Pirklova, Hana"]
[Result "1/2-1/2"]
[WhiteElo "2025"]
[BlackElo "2148"]
[PlyCount "71"]
[EventDate "2010.10.17"]
[EventType "team-tourn"]
[EventRounds "11"]
[EventCountry "CZE"]
[SourceTitle "EXT 2012"]
[Source "ChessBase"]
[SourceDate "2011.11.24"]
[SourceVersion "1"]
[SourceVersionDate "2011.11.24"]
[SourceQuality "1"]
[WhiteTeam "HerNyr"]
[BlackTeam "Praha Oaza"]
[WhiteTeamCountry "CZE"]
[BlackTeamCountry "CZE"]

1. Nf3 Nf6 2. g3 g6 3. Bg2 Bg7 4. d4 0-0 5. 0-0 d6 6. c3 c6 7. Qc2 Qa5 8. Nbd2 Qh5 9. Ne4 Bf5 10. Nxf6+ Bxf6 11. Qd2 Kg7 12. Re1 e5 13. Ng5 h6 14. Ne4 Bxe4 15. Bxe4 Bg5 16. Qc2 Bxc1 17. Raxc1 f5 18. Bf3 Qg5 19. dxe5 dxe5 20. e3 e4 21. Be2 Nd7 22. Qb3 Rab8 23. Red1 Ne5 24. Kg2 Rf7 25. h4 Qf6 26. Rd2 g5 27. hxg5 hxg5 28. Rg1 Rh8 29. Qb4 Qh6 30. Kf1 Qh3+ 31. Ke1 Re8 32. Rd6 Qh2 33. Rf1 f4 34. gxf4 gxf4 35. Qd4 fxe3 36. fxe3 1/2-1/2